[Event "Bonn GSK"]
[Site "Bonn"]
[Date "1993.??.??"]
[Round "?"]
[White "Luther, Thomas"]
[Black "Kveinys, Aloyzas"]
[Result "1/2-1/2"]
[WhiteElo "2465"]
[BlackElo "2555"]
[PlyCount "44"]
[EventDate "1993.??.??"]
[Source "ChessBase"]

1. e4 c5 2. Nf3 e6 3. d4 cxd4 4. Nxd4 Qb6 5. Nb3 Qc7 6. Bd3 Nf6 7. O-O d5 8. Nc3 dxe4 9. Nxe4 Nbd7 10. Nxf6+ Nxf6 11. Bb5+ Bd7 12. Bxd7+ Nxd7 13. Nd4 a6 14. Re1 Be7 15. Qf3 O-O 16. Bf4 Qb6 17. Rad1 Qxb2 18. Nxe6 fxe6 19. Rxd7 Bf6 20. Qb3 Qxb3 21. cxb3 Rad8 22. Rxd8 Rxd8 1/2-1/2

[Event "Andorra sim"]
[Site "?"]
[Date "2001.??.??"]
[Round "?"]
[White "Shirov Alexei D"]
[Black "Gallego Martinez Ruben"]
[Result "0-1"]
[WhiteElo "2718"]
[BlackElo "2298"]
[PlyCount "72"]
[EventDate "2001.??.??"]
[Source "www.chesslib.no"]
[SourceDate "2004.05.04"]

1. e4 c5 2. Nf3 e6 3. d4 cxd4 4. Nxd4 Nf6 5. Nc3 Bb4 6. e5 Nd5 7. Qg4 O-O 8. Bd2 d6 9. exd6 Nxc3 10. bxc3 Bxd6 11. Bd3 e5 12. Nf5 g6 13. O-O Nc6 14. Bh6 Re8 15. Rfe1 Qf6 16. Qh4 Qxh4 17. Nxh4 Be6 18. Nf3 f6 19. h4 Rac8 20. Nd2 Na5 21. f4 exf4 22. Ne4 Be5 23. Bxf4 Bxf4 24. Nxf6+ Kg7 25. Nxe8+ Rxe8 26. Re4 Bd2 27. Rd1 Bxc3 28. Bb5 Nc6 29. Rd3 Ba5 30. Bxc6 Bb6+ 31. Kh2 bxc6 32. g3 Bf7 33. Rxe8 Bxe8 34. g4 h5 35. Kg3 Kf6 36. Rf3+ Ke6 0-1

[Event "SSKK Bulletinen 40 years"]
[Site "SSKK Bulletinen 40 years"]
[Date "1994.??.??"]
[Round "?"]
[White "Zagorovsky, Vladimir P"]
[Black "Hjorth, Gunnar"]
[Result "0-1"]
[WhiteElo "2565"]
[BlackElo "2450"]
[PlyCount "28"]
[EventDate "1994.??.??"]
[Source "www.chesslib.no"]
[SourceDate "2004.05.04"]

1. e4 c5 2. Nf3 e6 3. d4 cxd4 4. Nxd4 Nf6 5. Nc3 Qb6 6. Nb3 Bb4 7. Bd3 d5 8. exd5 Nxd5 9. Bd2 Nxc3 10. Bxc3 Bxc3+ 11. bxc3 e5 12. Qe2 Qc7 13. O-O O-O 14. Rfe1 Nd7 0-1

[Event "51st New York Masters"]
[Site "New York"]
[Date "2003.04.08"]
[Round "1"]
[White "Ehlvest, Jaan"]
[Black "Eisen, Lewis"]
[Result "1-0"]
[WhiteElo "2705"]
[BlackElo "2305"]
[PlyCount "77"]
[EventDate "2003.04.08"]
[Source "Roberto Alvarez"]
[SourceDate "2003.05.19"]

1. e4 c5 2. Nf3 e6 3. d4 cxd4 4. Nxd4 Qb6 5. Nc3 a6 6. Be2 Nc6 7. Nxc6 Qxc6 8. O-O Bc5 9. Qd3 Qc7 10. Be3 Bxe3 11. Qxe3 Ne7 12. Rad1 f6 13. a4 b6 14. Rd2 Bb7 15. Rfd1 Rd8 16. Bh5+ g6 17. Bg4 Kf7 18. Qh3 Bc8 19. Rd6 h5 20. Be2 Bb7 21. Qe3 Nc8 22. R6d4 Ne7 23. Rb4 Nc8 24. f4 d6 25. f5 gxf5 26. exf5 e5 27. Rc4 Qd7 28. Rh4 Qxf5 29. Bc4+ Ke7 30. Bd5 Bxd5 31. Nxd5+ Ke6 32. Qb3 Kd7 33. Rf1 Qg5 34. Rc4 Rdf8 35. Rc7+ Kd8 36. Qc3 Qg4 37. Nxf6 Qd4+ 38. Qxd4 exd4 39. Rd7# 1-0

[Event "Groningen op"]
[Site "Groningen"]
[Date "1995.??.??"]
[Round "?"]
[White "David, Alberto"]
[Black "Tseitlin, Mark D"]
[Result "1/2-1/2"]
[WhiteElo "2465"]
[BlackElo "2545"]
[PlyCount "127"]
[EventDate "1995.12.??"]
[Source "ChessBase"]

1. e4 c5 2. Nf3 e6 3. d4 cxd4 4. Nxd4 d6 5. c4 Nf6 6. Nc3 Be7 7. Be2 O-O 8. O-O Nbd7 9. Be3 a6 10. f4 Qc7 11. Rc1 b6 12. Bf3 Bb7 13. g4 Nc5 14. Qc2 e5 15. Nf5 exf4 16. Bxf4 Ne6 17. Be3 Rfe8 18. Nd5 Bxd5 19. exd5 Nf8 20. Bd4 h6 21. h4 N8h7 22. Qg2 Qd7 23. Nxg7 Kxg7 24. g5 hxg5 25. hxg5 Rg8 26. Bg4 Qd8 27. Rf5 Kf8 28. Qh3 Nxg5 29. Qh6+ Ke8 30. Rxg5 Rxg5 31. Qxg5 Nxg4 32. Qxg4 Bf6 33. Qg8+ Kd7 34. Qxf7+ Be7 35. Qe6+ Kc7 36. Bg7 Bh4 37. Rf1 Rc8 38. Rf5 Kb8 39. Kh2 Be7 40. Rf7 Rc7 41. b4 Kb7 42. c5 bxc5 43. bxc5 dxc5 44. Be5 Bd6 45. Rxc7+ Kxc7 46. Kh3 Bxe5 47. Qxe5+ Qd6 48. Qe4 Qf6 49. Qc4 Qf5+ 50. Kh4 Qf2+ 51. Kg4 Kd6 52. Qxa6+ Kxd5 53. a4 Qg2+ 54. Kh5 Qh3+ 55. Kg6 Qg4+ 56. Kf6 Qf4+ 57. Kg6 Qe4+ 58. Kf6 Qe5+ 59. Kg6 c4 60. Qa5+ Kd6 61. Qa6+ Kc5 62. Qa5+ Kd4 63. Qd2+ Ke4 64. Qe1+ 1/2-1/2